Los paquebotes, desde las cruzadas hasta los cruceros / (Record no. 30693)

MARC details
000 -LEADER
campo de control de longitud fija 00603nam a2200181 i 4500
001 - NÚMERO DE CONTROL
campo de control 30693
003 - IDENTIFICADOR DE NÚMERO DE CONTROL
campo de control ES-MaACL
005 - FECHA Y HORA DE LA ÚLTIMA TRANSACCIÓN
campo de control 20230906154234.0
007 - CAMPO FIJO DE DESCRIPCIÓN FÍSICA--INFORMACIÓN GENERAL
campo de control de longitud fija t|
008 - DATOS DE LONGITUD FIJA--INFORMACIÓN GENERAL
campo de control de longitud fija 030127s1973 sp ||||1| spa d
100 1# - ENTRADA PRINCIPAL--NOMBRE DE PERSONA
Nombre de persona Bathe, Basil W.
9 (RLIN) 26420
245 14 - MENCIÓN DEL TÍTULO
Título Los paquebotes, desde las cruzadas hasta los cruceros /
Mención de responsabilidad, etc. Basil W. Bathe ; traducción: Consuelo G. de Ortega ; documentación: Denise Blum.
260 ## - PUBLICACIÓN, DISTRIBUCIÓN, ETC.
Lugar de publicación, distribución, etc. Barcelona :
Nombre del editor, distribuidor, etc. Aymá,
Fecha de publicación, distribución, etc. [1973]
300 ## - DESCRIPCIÓN FÍSICA
Extensión 298 p. :
Otras características físicas il. ;
Dimensiones 32 cm.
700 1# - ENTRADA AGREGADA--NOMBRE PERSONAL
Nombre de persona Ortega, Consuelo G. de.
9 (RLIN) 87399
700 1# - ENTRADA AGREGADA--NOMBRE PERSONAL
Nombre de persona Blum, Denise.
9 (RLIN) 29581
852 ## - LOCALIZACIÓN
Ubicación ES-MaACL
Número de control de estantería C-55866
Sublocalización o colección R.88600
Holdings
Estatus retirado Estado de pérdida Estado de daño No para préstamo Biblioteca de origen Biblioteca actual Ubicación en estantería Fecha de adquisición Fuente de adquisición Total de préstamos Signatura topográfica completa Código de barras Visto por última vez Precio de reemplazo Tipo de ítem Koha
        Biblioteca del Ateneo de Madrid Biblioteca del Ateneo de Madrid Depósito 2 17/01/2008     C-55866 1031698 23/02/2023 23/02/2023 Libro impreso